[Event "Saint Denis op"]
[Site "Saint Denis"]
[Date "2022.10.13"]
[Round "6"]
[White "Desire, Michael"]
[Black "Folio, Pierre"]
[Result "0-1"]
[WhiteElo "1670"]
[BlackElo "1432"]
[PlyCount "96"]
[EventDate "2022.10.13"]
[EventType "swiss"]
[EventRounds "9"]
[EventCountry "RUF"]
[SourceTitle "EXT 2024"]
[Source "ChessBase"]
[SourceDate "2023.10.10"]
[SourceVersion "1"]
[SourceVersionDate "2023.10.10"]
[SourceQuality "1"]

1. d4 Nf6 2. c4 g6 3. Nc3 d5 4. cxd5 Nxd5 5. e4 Nxc3 6. bxc3 Bg7 7. Qa4+ Qd7 8. Qa3 0-0 9. Bc4 Qg4 10. Be2 Qxe4 11. Nf3 Bg4 12. Be3 e5 13. dxe5 Nc6 14. 0-0 Nxe5 15. Ng5 Qc6 16. f3 Be6 17. Bd4 Bc4 18. Rfe1 Rfe8 19. f4 Bxe2 20. fxe5 Bxe5 21. Bxe5 Rxe5 22. Nf3 Re3 23. Nd4 Qe4 24. Qb2 Bd3 25. Qf2 Re8 26. Red1 c5 27. Nf3 Be2 28. Ng5 Qe7 29. Qh4 h5 30. Rdc1 f6 31. Nh3 g5 32. Qf2 Bg4 33. Qc2 Kg7 34. Rf1 Bxh3 35. gxh3 Re2 36. Qf5 Qe3+ 37. Kh1 Qe5 38. Qxe5 R8xe5 39. Rf3 R5e3 40. Raf1 Rxf3 41. Rxf3 Rxa2 42. Rd3 Kg6 43. Rd5 b6 44. Rd1 a5 45. Rd6 b5 46. Rd5 b4 47. Rxc5 b3 48. Rb5 b2 0-1

[Event "Saint Denis op"]
[Site "Saint Denis"]
[Date "2022.10.13"]
[Round "4"]
[White "Desire, Michael"]
[Black "Rosamel, Manua"]
[Result "1-0"]
[WhiteElo "1670"]
[BlackElo "1319"]
[PlyCount "22"]
[EventDate "2022.10.13"]
[EventType "swiss"]
[EventRounds "9"]
[EventCountry "RUF"]
[SourceTitle "EXT 2024"]
[Source "ChessBase"]
[SourceDate "2023.10.10"]
[SourceVersion "1"]
[SourceVersionDate "2023.10.10"]
[SourceQuality "1"]

1. d4 Nf6 2. c4 g6 3. Nc3 d5 4. cxd5 Nxd5 5. e4 Nxc3 6. bxc3 Bg7 7. Qa4+ Bd7 8. Qb3 0-0 9. Bg5 Re8 10. Nf3 Nc6 11. Bc4 Rc8 1-0

[Event "Saint Denis op"]
[Site "Saint Denis"]
[Date "2022.10.13"]
[Round "7"]
[White "Fondrat, Thierry"]
[Black "Desire, Michael"]
[Result "0-1"]
[WhiteElo "1217"]
[BlackElo "1670"]
[PlyCount "64"]
[EventDate "2022.10.13"]
[EventType "swiss"]
[EventRounds "9"]
[EventCountry "RUF"]
[SourceTitle "EXT 2024"]
[Source "ChessBase"]
[SourceDate "2023.10.10"]
[SourceVersion "1"]
[SourceVersionDate "2023.10.10"]
[SourceQuality "1"]

1. e4 c6 2. d4 d5 3. Nc3 dxe4 4. Nxe4 Nd7 5. Nf3 Ngf6 6. Nxf6+ Nxf6 7. Bd3 Bg4 8. Be3 e6 9. h3 Bh5 10. g4 Bg6 11. Ne5 Bd6 12. Qe2 Bxd3 13. Nxd3 Nd5 14. Bd2 Qb6 15. c3 a5 16. a3 Ne7 17. 0-0 h5 18. g5 Nf5 19. g6 Qc7 20. gxf7+ Qxf7 21. Ne5 Qf6 22. Kh1 Nh4 23. f4 Nf5 24. Rg1 Rh6 25. Rg5 h4 26. Qg4 0-0-0 27. Rg6 Rxg6 28. Nxg6 c5 29. Rc1 Kb8 30. Be1 cxd4 31. Kg2 Ne3+ 32. Kf3 Nxg4 0-1

[Event "Saint Denis op"]
[Site "Saint Denis"]
[Date "2022.10.13"]
[Round "3"]
[White "Mezouaghi, Miloud"]
[Black "Desire, Michael"]
[Result "1-0"]
[WhiteElo "1987"]
[BlackElo "1670"]
[PlyCount "79"]
[EventDate "2022.10.13"]
[EventType "swiss"]
[EventRounds "9"]
[EventCountry "RUF"]
[SourceTitle "EXT 2024"]
[Source "ChessBase"]
[SourceDate "2023.10.10"]
[SourceVersion "1"]
[SourceVersionDate "2023.10.10"]
[SourceQuality "1"]

1. Nf3 b6 2. c4 e6 3. g3 Bb7 4. Bg2 g6 5. 0-0 Bg7 6. Nc3 d6 7. d4 h6 8. a3 a5 9. Qc2 Ne7 10. Rd1 Nd7 11. e4 Qb8 12. Rb1 0-0 13. b4 axb4 14. axb4 g5 15. h3 Ng6 16. Be3 Qd8 17. c5 Qe7 18. Nd2 Nf6 19. Nc4 Nd7 20. cxd6 cxd6 21. e5 Bxg2 22. exd6 Qf6 23. Kxg2 Rfc8 24. Qd3 Bf8 25. Nb5 Ra4 26. Rdc1 h5 27. Nc3 Raa8 28. Nb5 Ra4 29. Qe2 h4 30. Qg4 hxg3 31. Qxg5 gxf2 32. Qxf6 Nxf6 33. Ne5 Rd8 34. Bg5 Bg7 35. d7 Ne7 36. Rc7 Ra2 37. Rbc1 Kf8 38. Rc8 Ra8 39. Rxa8 Rxa8 40. Nd6 1-0

[Event "St Denis op 21st"]
[Site "St Denis"]
[Date "2019.10.20"]
[Round "9"]
[White "Desire, Michael"]
[Black "Fondrat, Johan"]
[Result "1-0"]
[WhiteElo "1652"]
[BlackElo "1541"]
[PlyCount "71"]
[EventDate "2019.10.20"]
[EventType "swiss"]
[EventRounds "9"]
[EventCountry "RUF"]
[SourceTitle "CBM 192 Extra"]
[Source "Chessbase"]
[SourceDate "2019.11.06"]
[SourceVersion "1"]
[SourceVersionDate "2019.11.06"]
[SourceQuality "1"]

1. e4 e5 2. d4 exd4 3. Qxd4 Nc6 4. Qe3 Nf6 5. Bd2 Be7 6. Nc3 d5 7. exd5 Nb4 8. 0-0-0 Nbxd5 9. Qg3 Be6 10. Nge2 Qd6 11. Bf4 Qc5 12. Be5 0-0-0 13. Bd4 Nxc3 14. Qxc3 Qxc3 15. Nxc3 c5 16. Be5 Rxd1+ 17. Nxd1 Rd8 18. Be2 Bxa2 19. b3 c4 20. Bxc4 Ba3+ 21. Bb2 Bd6 22. g3 Ne4 23. f3 Ng5 24. Rf1 Bb4 25. Nc3 Bxc3 26. Bxc3 Rd6 27. Kb2 Rc6 28. Bd2 Ne6 29. Kxa2 b5 30. Bd3 Nc5 31. Bxb5 Rd6 32. Bb4 Rb6 33. Bxc5 Rxb5 34. Bd4 g6 35. Kb2 a5 36. Ra1 1-0

[Event "St Denis op 21st"]
[Site "St Denis"]
[Date "2019.10.20"]
[Round "4"]
[White "Randriambololona, Herimanjatosoa"]
[Black "Desire, Michael"]
[Result "1-0"]
[WhiteElo "1886"]
[BlackElo "1652"]
[PlyCount "70"]
[EventDate "2019.10.20"]
[EventType "swiss"]
[EventRounds "9"]
[EventCountry "RUF"]
[SourceTitle "CBM 192 Extra"]
[Source "Chessbase"]
[SourceDate "2019.11.06"]
[SourceVersion "1"]
[SourceVersionDate "2019.11.06"]
[SourceQuality "1"]

1. e4 c6 2. d4 d5 3. Nd2 dxe4 4. Nxe4 Nd7 5. Bc4 Ngf6 6. Ng5 e6 7. Qe2 Nb6 8. Bb3 h6 9. N5f3 Qc7 10. Ne5 c5 11. Ngf3 cxd4 12. Nxd4 Bb4+ 13. c3 Bxc3+ 14. bxc3 Qxc3+ 15. Qd2 Qxa1 16. 0-0 Ne4 17. Qe3 Qc3 18. Qxe4 0-0 19. Nb5 Qc5 20. a4 f5 21. Qe2 Qb4 22. Qa2 Rf6 23. Ba3 Qe4 24. Bd6 Bd7 25. Nc7 Rd8 26. a5 Nc8 27. Nxd7 Rg6 28. Bg3 f4 29. Nxe6 Rxe6 30. Bxe6+ Kh8 31. Bh4 Re8 32. Bf7 f3 33. Bxe8 Qxh4 34. Qf7 fxg2 35. Rc1 Ne7 1-0

[Event "Reunion op 20th"]
[Site "St Denis"]
[Date "2018.10.21"]
[Round "9"]
[White "Rajaobelina, Hery"]
[Black "Desire, Michael"]
[Result "0-1"]
[WhiteElo "1646"]
[BlackElo "1702"]
[PlyCount "104"]
[EventDate "2018.10.14"]
[EventType "swiss"]
[EventRounds "9"]
[EventCountry "RUF"]
[SourceTitle "CBM 187 Extra"]
[Source "ChessBase"]
[SourceDate "2018.11.04"]
[SourceVersion "1"]
[SourceVersionDate "2018.11.04"]
[SourceQuality "1"]

1. e4 c6 2. d4 d5 3. Nd2 dxe4 4. Nxe4 Nd7 5. Nf3 Ngf6 6. Ng3 e6 7. Bd3 Bd6 8. Ng5 Nb6 9. N5e4 Be7 10. c3 Nbd5 11. 0-0 Qc7 12. c4 Nxe4 13. Nxe4 Nf6 14. Bg5 Nxe4 15. Bxe7 Nxf2 16. Rxf2 Qxe7 17. Qg4 g6 18. Qe4 Bd7 19. Raf1 f5 20. Qe5 0-0-0 21. d5 Qc5 22. b4 Qf8 23. dxe6 Bxe6 24. Qxe6+ Kb8 25. Qe5+ Ka8 26. Qc3 Qd6 27. Bc2 Qc7 28. Rd1 Rde8 29. Rfd2 Rhf8 30. Rd7 Qf4 31. Qd4 Qb8 32. Rxh7 Rd8 33. Rd7 Rxd7 34. Qxd7 Rh8 35. Qd6 Qe8 36. Qd2 a6 37. Re1 Qb8 38. g3 Qg8 39. Qe2 Qg7 40. Bb3 g5 41. Qf2 f4 42. g4 Qd7 43. Qf3 Qd2 44. Qe2 Qxb4 45. Kg2 Qc3 46. Kh1 Qh3 47. Qg2 Qc3 48. Rd1 Qe3 49. Ba4 f3 50. Qg3 Qe2 51. Re1 f2 52. Rxe2 f1Q+ 0-1

[Event "Reunion op 20th"]
[Site "St Denis"]
[Date "2018.10.19"]
[Round "7"]
[White "Duprey, Francois Xavier"]
[Black "Desire, Michael"]
[Result "1/2-1/2"]
[WhiteElo "1589"]
[BlackElo "1702"]
[PlyCount "103"]
[EventDate "2018.10.14"]
[EventType "swiss"]
[EventRounds "9"]
[EventCountry "RUF"]
[SourceTitle "CBM 187 Extra"]
[Source "ChessBase"]
[SourceDate "2018.11.04"]
[SourceVersion "1"]
[SourceVersionDate "2018.11.04"]
[SourceQuality "1"]

1. c4 Nf6 2. Nf3 e6 3. a3 c5 4. e3 Nc6 5. d4 cxd4 6. exd4 Be7 7. b4 d5 8. c5 Ne4 9. Nbd2 Bf6 10. Bb2 a5 11. b5 Ne7 12. a4 Nxc5 13. Qc2 Nd7 14. Bd3 g6 15. 0-0 0-0 16. Nb3 b6 17. Rac1 Bb7 18. Qe2 Qb8 19. Rc2 Qf4 20. Bc1 Qd6 21. Bg5 Rac8 22. Rfc1 Rxc2 23. Rxc2 Rc8 24. Bxf6 Nxf6 25. Rxc8+ Nxc8 26. Qc2 Ne8 27. h4 Qc7 28. Qd2 Ng7 29. Qg5 Qe7 30. Qh6 f6 31. g4 Nd6 32. Qf4 Nge8 33. Nbd2 Kg7 34. Nf1 Qc7 35. Qe3 Bc8 36. Ng3 Nc4 37. Qe2 Ned6 38. Ne1 e5 39. dxe5 fxe5 40. Bxc4 Nxc4 41. g5 Qd7 42. Qf3 Qf7 43. Qd3 Be6 44. Ng2 Bg4 45. f4 exf4 46. Qd4+ Kg8 47. Nxf4 Be6 48. Kh2 Kf8 49. Nge2 Ke7 50. Nc3 Kd6 51. Ne4+ Kc7 52. Nxe6+ 1/2-1/2

[Event "Reunion op 20th"]
[Site "St Denis"]
[Date "2018.10.18"]
[Round "6"]
[White "Desire, Michael"]
[Black "Le Maguet, Loan"]
[Result "1/2-1/2"]
[WhiteElo "1702"]
[BlackElo "1420"]
[PlyCount "120"]
[EventDate "2018.10.14"]
[EventType "swiss"]
[EventRounds "9"]
[EventCountry "RUF"]
[SourceTitle "CBM 187 Extra"]
[Source "ChessBase"]
[SourceDate "2018.11.04"]
[SourceVersion "1"]
[SourceVersionDate "2018.11.04"]
[SourceQuality "1"]

1. d4 Nf6 2. c4 g6 3. g3 Bg7 4. Bg2 0-0 5. e3 d6 6. Ne2 Nc6 7. Bd2 e5 8. d5 Ne7 9. Bc3 Nd7 10. b4 f5 11. 0-0 g5 12. f4 g4 13. Nd2 Ng6 14. e4 Nb8 15. Rc1 h5 16. c5 h4 17. Nc4 hxg3 18. hxg3 Bh6 19. Rc2 exf4 20. Nxf4 Bxf4 21. gxf4 Rf7 22. Be1 fxe4 23. Bxe4 Nxf4 24. Rxf4 Rxf4 25. Qd4 Qf6 26. Qxf6 Rxf6 27. Rh2 Nd7 28. Bc3 Rf4 29. Rh8+ Kf7 30. Rh7+ Ke8 31. Bg6+ Kd8 32. cxd6 cxd6 33. Nxd6 Nf6 34. Rh8+ Kd7 35. Be5 Rf3 36. Bf7 Ke7 37. Bg6 Re3 38. Bf4 Nxd5 39. Nxc8+ Kf6 40. Bxe3 Nxe3 41. Be4 Rb8 42. Kf2 Nc4 43. Kg3 Kg7 44. Rh7+ Kf6 45. Bxb7 a5 46. b5 Ne5 47. Nd6 Ke6 48. Rh6+ Kd7 49. Ba6 Rb6 50. Bc8+ Kd8 51. Nf7+ Nxf7 52. Rxb6 Kxc8 53. Rc6+ Kb7 54. a4 Ne5 55. Re6 Nd3 56. Kxg4 Nc5 57. Re1 Nxa4 58. Rb1 Kb6 59. Rb3 Nc5 60. Rb1 Ne6 1/2-1/2

[Event "Reunion op 20th"]
[Site "St Denis"]
[Date "2018.10.15"]
[Round "3"]
[White "Hermanns, Luis"]
[Black "Desire, Michael"]
[Result "1-0"]
[WhiteElo "1253"]
[BlackElo "1702"]
[PlyCount "103"]
[EventDate "2018.10.14"]
[EventType "swiss"]
[EventRounds "9"]
[EventCountry "RUF"]
[SourceTitle "CBM 187 Extra"]
[Source "ChessBase"]
[SourceDate "2018.11.04"]
[SourceVersion "1"]
[SourceVersionDate "2018.11.04"]
[SourceQuality "1"]

1. d4 Nf6 2. c4 e5 3. dxe5 Ng4 4. Nf3 Bc5 5. e3 Nc6 6. b3 Ngxe5 7. Bb2 Qf6 8. Nxe5 Nxe5 9. Be2 d6 10. Nd2 Nd3+ 11. Bxd3 Qxb2 12. 0-0 Bb4 13. Nf3 Bc3 14. Rc1 Bf6 15. Qc2 Qa3 16. c5 Bd7 17. Be4 c6 18. cxd6 Qxd6 19. Rfd1 Qe7 20. Bf5 Be6 21. Nd4 0-0 22. Nxe6 fxe6 23. Bxh7+ Kh8 24. Bg6 Bh4 25. f4 e5 26. Qe2 Bg5 27. fxg5 Qxg5 28. Qh5+ Qxh5 29. Bxh5 Kh7 30. e4 Kh6 31. Bf3 Rf7 32. Rd6+ Kg5 33. Rcd1 Rb8 34. Rd7 Rff8 35. Rxg7+ Kf6 36. Rgd7 Rh8 37. R1d6+ Kg5 38. Rg7+ Kf4 39. Rdd7 Rh6 40. h3 Ke3 41. Rxb7 Rd8 42. Rbd7 Rf8 43. Rxa7 Rxf3 44. gxf3 Kxf3 45. Raf7+ Kxe4 46. Rg4+ Kd5 47. Rg3 e4 48. Re7 Rh4 49. Re3 Kd4 50. R3xe4+ Rxe4 51. Rxe4+ Kxe4 52. Kg2 1-0

[Event "Reunion op 20th"]
[Site "St Denis"]
[Date "2018.10.14"]
[Round "1"]
[White "Mohamed, Keziah"]
[Black "Desire, Michael"]
[Result "0-1"]
[WhiteElo "1070"]
[BlackElo "1702"]
[PlyCount "112"]
[EventDate "2018.10.14"]
[EventType "swiss"]
[EventRounds "9"]
[EventCountry "RUF"]
[SourceTitle "CBM 187 Extra"]
[Source "ChessBase"]
[SourceDate "2018.11.04"]
[SourceVersion "1"]
[SourceVersionDate "2018.11.04"]
[SourceQuality "1"]

1. e4 c6 2. d4 d5 3. Nc3 dxe4 4. Nxe4 Nd7 5. Nf3 Ngf6 6. Bd3 Nxe4 7. Bxe4 Nf6 8. Bd3 Bg4 9. Be3 e6 10. 0-0 Bd6 11. Re1 h5 12. h3 Nd5 13. Bg5 f6 14. Bh4 Bxf3 15. Qxf3 Kf7 16. c4 Nf4 17. Bc2 Qe7 18. c5 Bc7 19. g3 Nd5 20. a3 Rad8 21. Rad1 Kg8 22. Bf5 e5 23. dxe5 Bxe5 24. b4 g5 25. Bxg5 fxg5 26. Be4 Qf6 27. Qg2 Kg7 28. Bxd5 Rxd5 29. Rxd5 cxd5 30. Qxd5 Re8 31. Qxb7+ Re7 32. Qd5 Bb2 33. Rxe7+ Qxe7 34. Qb3 Qe1+ 35. Kg2 Bd4 36. Qf3 Qe8 37. Qd3 Qc6+ 38. f3 Qd5 39. Qe2 Qe5 40. Qf1 Qe3 41. a4 Qd2+ 42. Kh1 Qxb4 43. Kg2 Qxc5 44. Kh1 Qc2 45. a5 Qf2 46. Qxf2 Bxf2 47. Kg2 Be3 48. g4 h4 49. Kf1 a6 50. Ke2 Bc5 51. Kd3 Bb4 52. Ke4 Kf6 53. f4 Bxa5 54. fxg5+ Kxg5 55. Kf3 Bc7 56. Kg2 a5 0-1

[Event "Reunion op 19th"]
[Site "St Denis"]
[Date "2017.10.16"]
[Round "1"]
[White "Fautrel, Pierrick"]
[Black "Desire, Michael"]
[Result "0-1"]
[WhiteElo "1260"]
[BlackElo "1773"]
[PlyCount "79"]
[EventDate "2017.10.16"]
[EventType "swiss"]
[EventRounds "7"]
[EventCountry "RUF"]
[SourceTitle "CBM 181 Extra"]
[Source "ChessBase"]
[SourceDate "2017.12.12"]
[SourceVersion "1"]
[SourceVersionDate "2017.12.12"]
[SourceQuality "1"]

1. c4 Nf6 2. Nc3 e5 3. e4 Bc5 4. Nf3 0-0 5. g3 Ng4 6. d4 exd4 7. Nxd4 Ne5 8. Bg2 Nxc4 9. 0-0 d6 10. Bf4 Nxb2 11. Qd2 Bxd4 12. Qxb2 Nc6 13. Qd2 Be6 14. a3 Qd7 15. Rfe1 Bh3 16. Bh1 Be5 17. Bxe5 Nxe5 18. f4 Nc4 19. Qe2 Qc6 20. e5 Qc5+ 21. Qf2 Qxf2+ 22. Kxf2 c6 23. exd6 Nxd6 24. Re7 Rfd8 25. Rb1 Rac8 26. Na4 Kf8 27. Rbe1 Nc4 28. Rxb7 a5 29. Ree7 Be6 30. Nc5 Nd6 31. Nxe6+ fxe6 32. Rxg7 Nxb7 33. Rxb7 c5 34. Rxh7 Kg8 35. Ra7 Rb8 36. Bg2 Rb1 37. Bf1 Rdd1 38. Ra8+ Kf7 39. Rxa5 Rxf1+ 40. Kg2 0-1

[Event "Reunion op 18th"]
[Site "St Denis"]
[Date "2016.10.14"]
[Round "7"]
[White "Rodier, David"]
[Black "Desire, Michael"]
[Result "1/2-1/2"]
[WhiteElo "2147"]
[BlackElo "1808"]
[PlyCount "92"]
[EventDate "2016.10.10"]
[EventType "swiss"]
[EventRounds "7"]
[EventCountry "RUF"]
[SourceTitle "CBM 175 Extra"]
[Source "ChessBase"]
[SourceDate "2016.12.12"]
[SourceVersion "1"]
[SourceVersionDate "2016.12.12"]
[SourceQuality "1"]

1. d4 d5 2. c4 e6 3. Nc3 Nf6 4. cxd5 exd5 5. Bg5 Be7 6. e3 c6 7. Bd3 Nbd7 8. Qc2 h6 9. Bh4 g5 10. Bg3 Nh5 11. Nge2 Nxg3 12. Nxg3 Nf8 13. 0-0 Be6 14. f4 gxf4 15. exf4 Qb6 16. Nge2 Bf6 17. Kh1 Bg4 18. Rae1 0-0-0 19. Bf5+ Bxf5 20. Qxf5+ Nd7 21. Na4 Qb4 22. Qc2 Rhe8 23. a3 Qd6 24. Qd2 Re4 25. Nac3 Re7 26. Ng3 Rxe1 27. Rxe1 Bh8 28. b4 Nb6 29. Nf5 Qf6 30. Qc2 Kb8 31. a4 Qg6 32. b5 cxb5 33. Nxb5 Nc4 34. Qb1 Qb6 35. Qd3 a6 36. Nc3 Na5 37. h3 h5 38. Qf3 Qg6 39. Ne7 Qd6 40. Ncxd5 Bxd4 41. Qxh5 Nc6 42. Qxf7 Nxe7 43. Nxe7 Bf2 44. Nf5 Qxf4 45. Rb1 Qe4 46. Rc1 Qf4 1/2-1/2

[Event "Reunion op 18th"]
[Site "St Denis"]
[Date "2016.10.13"]
[Round "6"]
[White "Desire, Michael"]
[Black "Rajaobelina, Hery"]
[Result "1-0"]
[WhiteElo "1808"]
[BlackElo "1683"]
[PlyCount "61"]
[EventDate "2016.10.10"]
[EventType "swiss"]
[EventRounds "7"]
[EventCountry "RUF"]
[SourceTitle "CBM 175 Extra"]
[Source "ChessBase"]
[SourceDate "2016.12.12"]
[SourceVersion "1"]
[SourceVersionDate "2016.12.12"]
[SourceQuality "1"]

1. d4 d5 2. c4 e6 3. Nc3 Nf6 4. Nf3 Nbd7 5. e3 c6 6. Be2 Bd6 7. Qc2 dxc4 8. a4 Bb4 9. e4 Bxc3+ 10. bxc3 Qa5 11. Ba3 Nxe4 12. Bb4 Qd5 13. 0-0 a5 14. Ba3 b5 15. axb5 cxb5 16. Nd2 Nxd2 17. Qxd2 Qf5 18. Bf3 Ra6 19. Rfe1 h6 20. Rab1 Rb6 21. Be4 Qg5 22. Qe2 f5 23. Bf3 Kf7 24. Rxb5 Re8 25. h4 Qxh4 26. Rxf5+ Nf6 27. g3 exf5 28. Qxc4+ Be6 29. Qc7+ Bd7 30. gxh4 Rxe1+ 31. Kg2 1-0

[Event "Reunion op 18th"]
[Site "St Denis"]
[Date "2016.10.11"]
[Round "3"]
[White "Testud, Philippe"]
[Black "Desire, Michael"]
[Result "1-0"]
[WhiteElo "2202"]
[BlackElo "1808"]
[PlyCount "65"]
[EventDate "2016.10.10"]
[EventType "swiss"]
[EventRounds "7"]
[EventCountry "RUF"]
[SourceTitle "CBM 175 Extra"]
[Source "ChessBase"]
[SourceDate "2016.12.12"]
[SourceVersion "1"]
[SourceVersionDate "2016.12.12"]
[SourceQuality "1"]

1. c4 e5 2. g3 f5 3. Bg2 Bc5 4. e3 Nc6 5. Ne2 e4 6. Nf4 Nf6 7. 0-0 g5 8. Nd5 0-0 9. Nbc3 Nxd5 10. Nxd5 Ne5 11. d4 exd3 12. b4 Be7 13. Bb2 d6 14. Rc1 c6 15. Nxe7+ Qxe7 16. Qd2 Be6 17. Qc3 g4 18. c5 Ng6 19. cxd6 Qd7 20. Qd4 Rf7 21. b5 Rc8 22. bxc6 bxc6 23. Rfd1 Qb7 24. Rxd3 Rb8 25. Rd2 Rc8 26. Rdc2 Bd7 27. Rc5 h5 28. R5c4 h4 29. gxh4 Rh7 30. h5 Nf8 31. Rb4 Qa8 32. Qf6 a5 33. Rxg4+ 1-0

[Event "Reunion op 17th"]
[Site "St Denis"]
[Date "2015.10.10"]
[Round "7"]
[White "Desire, Michael"]
[Black "Harshal, Shahi"]
[Result "0-1"]
[WhiteElo "1783"]
[BlackElo "2079"]
[PlyCount "86"]
[EventDate "2015.10.10"]
[EventType "swiss"]
[EventRounds "9"]
[EventCountry "RUF"]
[SourceTitle "CBM 168 Extra"]
[Source "ChessBase"]
[SourceDate "2015.10.29"]
[SourceVersion "1"]
[SourceVersionDate "2015.10.29"]
[SourceQuality "1"]

1. c4 e6 2. d3 d5 3. cxd5 exd5 4. Nf3 Nf6 5. a3 Be7 6. e3 0-0 7. Be2 c6 8. 0-0 Bf5 9. b4 Nbd7 10. Bb2 Re8 11. Nbd2 Bd6 12. Qc2 h6 13. Rac1 Qe7 14. Nb3 Bh7 15. Rfe1 Ng4 16. Qc3 f6 17. Qd2 f5 18. Nbd4 Ngf6 19. Bd1 g5 20. Qc3 Bg6 21. Ne2 Kh7 22. Ng3 Qf8 23. Bc2 Rac8 24. Qd2 f4 25. Ne2 fxe3 26. fxe3 Ng4 27. Ng3 Bxg3 28. hxg3 Qd6 29. e4 Qxg3 30. exd5 cxd5 31. Ba4 Rxc1 32. Rxc1 Qd6 33. Qc3 Qb6+ 34. Qd4 Re7 35. Rc5 Ndf6 36. Bb3 Qd6 37. Rxd5 Qg3 38. Qc3 Qf2+ 39. Kh1 Qf1+ 40. Ng1 Nf2+ 41. Kh2 N6g4+ 42. Kg3 Nh1+ 43. Kxg4 Qf4+ 0-1

[Event "Reunion op 17th"]
[Site "St Denis"]
[Date "2015.10.10"]
[Round "6"]
[White "Jotee, Ashvin"]
[Black "Desire, Michael"]
[Result "0-1"]
[WhiteElo "1399"]
[BlackElo "1783"]
[PlyCount "91"]
[EventDate "2015.10.10"]
[EventType "swiss"]
[EventRounds "9"]
[EventCountry "RUF"]
[SourceTitle "CBM 168 Extra"]
[Source "ChessBase"]
[SourceDate "2015.10.29"]
[SourceVersion "1"]
[SourceVersionDate "2015.10.29"]
[SourceQuality "1"]

1. c4 Nf6 2. Nc3 e6 3. g3 d5 4. cxd5 exd5 5. d4 h6 6. Bg2 Be6 7. Qb3 b6 8. Nf3 Be7 9. 0-0 0-0 10. Ne5 c6 11. Rd1 Qc7 12. Bf4 Bd6 13. Rac1 Qe7 14. Nd3 Nbd7 15. Bxd6 Qxd6 16. Nf4 g5 17. Nxe6 fxe6 18. Qc2 Kg7 19. e4 Ng4 20. Rf1 h5 21. h3 Nxf2 22. Rxf2 Qxg3 23. Rcf1 g4 24. Rxf8 Rxf8 25. Rxf8 Nxf8 26. Qf2 Qc7 27. hxg4 hxg4 28. e5 Qe7 29. Ne2 Ng6 30. Nf4 Nxf4 31. Qxf4 Qh4 32. Qf2 g3 33. Qf3 Qxd4+ 34. Kf1 Qxe5 35. Qc3 Kf6 36. Bh3 Qxc3 37. bxc3 c5 38. Kg2 e5 39. Kxg3 d4 40. cxd4 exd4 41. Kf3 c4 42. Ke2 Ke5 43. Bc8 Kd5 44. Ba6 Kc5 45. a4 Kb4 46. Bb5 0-1

[Event "Reunion op 16th"]
[Site "St Denis"]
[Date "2014.10.25"]
[Round "9"]
[White "Rajaonson, Andriamahenina"]
[Black "Desire, Michael"]
[Result "0-1"]
[WhiteElo "1864"]
[BlackElo "1751"]
[PlyCount "93"]
[EventDate "2014.10.18"]
[EventType "swiss"]
[EventRounds "9"]
[EventCountry "RUF"]
[SourceTitle "EXT 2015"]
[Source "ChessBase"]
[SourceDate "2014.11.20"]
[SourceVersion "1"]
[SourceVersionDate "2014.11.20"]
[SourceQuality "1"]

1. e4 c5 2. Nf3 d6 3. d4 cxd4 4. Nxd4 Nf6 5. Nc3 a6 6. Be2 e6 7. 0-0 Be7 8. f4 e5 9. Nf5 Bxf5 10. exf5 e4 11. Bc4 Qc8 12. Bd5 Nxd5 13. Nxd5 Qc5+ 14. Be3 Qc6 15. c4 Nd7 16. Qg4 Bf6 17. Nxf6+ gxf6 18. b3 0-0-0 19. Qh4 Rdf8 20. b4 Kb8 21. Qf2 Rc8 22. Rfc1 d5 23. b5 axb5 24. cxb5 Qd6 25. Rd1 Nc5 26. Rd4 Rhd8 27. g3 Nd3 28. Qd2 Qa3 29. Qd1 Nb4 30. Bc1 Qc3 31. Rb1 Nd3 32. Be3 Nb2 33. Qe2 Nc4 34. Rb3 Qa5 35. Bf2 Na3 36. Rd2 Rc1+ 37. Kg2 Nc4 38. Rc2 Rxc2 39. Qxc2 Qd2 40. Qxd2 Nxd2 41. Ra3 d4 42. Be1 Nc4 43. Ra4 Rc8 44. Bb4 d3 45. Kf2 e3+ 46. Ke1 d2+ 47. Kd1 0-1

[Event "Reunion op 16th"]
[Site "St Denis"]
[Date "2014.10.18"]
[Round "3"]
[White "Desire, Michael"]
[Black "Romain, Juliane"]
[Result "1-0"]
[WhiteElo "1751"]
[BlackElo "1412"]
[PlyCount "69"]
[EventDate "2014.10.18"]
[EventType "swiss"]
[EventRounds "9"]
[EventCountry "RUF"]
[SourceTitle "EXT 2015"]
[Source "ChessBase"]
[SourceDate "2014.11.20"]
[SourceVersion "1"]
[SourceVersionDate "2014.11.20"]
[SourceQuality "1"]

1. d4 d5 2. c4 e6 3. Nf3 Nf6 4. Nc3 Be7 5. Bf4 0-0 6. e3 Nbd7 7. Bd3 b6 8. Qe2 dxc4 9. Bxc4 Bb7 10. e4 Bb4 11. Bd3 c5 12. e5 Nd5 13. Bxh7+ Kh8 14. Bd2 cxd4 15. Nxd5 Bxd2+ 16. Nxd2 Bxd5 17. Qh5 Re8 18. Bg6+ Kg8 19. Bxf7+ Kf8 20. Bg6 Qc7 21. Qh8+ Ke7 22. Qxg7+ Kd8 23. Bxe8 Kxe8 24. f4 Qc6 25. 0-0 Qc2 26. Nf3 d3 27. Rf2 Qc5 28. Qg6+ Kd8 29. Qxd3 Rc8 30. Ng5 Qc6 31. Nf7+ Ke7 32. Qh7 Nf8 33. Qg7 Rc7 34. Nd6+ Kd8 35. Qxf8+ 1-0

[Event "Reunion op 16th"]
[Site "St Denis"]
[Date "2014.10.18"]
[Round "2"]
[White "Moret, Vincent"]
[Black "Desire, Michael"]
[Result "1-0"]
[WhiteElo "2175"]
[BlackElo "1751"]
[PlyCount "67"]
[EventDate "2014.10.18"]
[EventType "swiss"]
[EventRounds "9"]
[EventCountry "RUF"]
[SourceTitle "EXT 2015"]
[Source "ChessBase"]
[SourceDate "2014.11.20"]
[SourceVersion "1"]
[SourceVersionDate "2014.11.20"]
[SourceQuality "1"]

1. g3 d5 2. Bg2 e5 3. c4 c6 4. cxd5 cxd5 5. d4 e4 6. Nc3 Be6 7. h4 Nc6 8. Nh3 Qb6 9. Nf4 Qxd4 10. 0-0 Nf6 11. Qxd4 Nxd4 12. Rd1 Nc6 13. Ncxd5 0-0-0 14. Nxe6 fxe6 15. Nc3 Rxd1+ 16. Nxd1 Bb4 17. a3 Ba5 18. Bg5 Nd4 19. b4 Bb6 20. Kf1 Rf8 21. Rc1+ Kd7 22. Bxf6 Rxf6 23. Bxe4 Nb3 24. Rc2 Nd4 25. Rd2 Kc7 26. e3 Nf5 27. Ke2 g6 28. Rc2+ Kb8 29. Nb2 Nd6 30. Bg2 e5 31. Nd3 Nf7 32. Bd5 Bc7 33. Nc5 Rd6 34. Bxf7 1-0

[Event "Reunion op 15th"]
[Site "St Denis"]
[Date "2013.10.18"]
[Round "8"]
[White "Desire, Michael"]
[Black "Pinot, Christophe"]
[Result "1-0"]
[WhiteElo "1797"]
[BlackElo "1965"]
[PlyCount "85"]
[EventDate "2013.10.12"]
[EventType "swiss"]
[EventRounds "9"]
[EventCountry "RUF"]
[SourceTitle "EXT 2014"]
[Source "ChessBase"]
[SourceDate "2013.11.20"]
[SourceVersion "1"]
[SourceVersionDate "2013.11.20"]
[SourceQuality "1"]

1. e4 d5 2. exd5 Qxd5 3. Nc3 Qa5 4. d4 Nf6 5. Nf3 Bf5 6. Bd2 c6 7. Bc4 e6 8. 0-0 Qc7 9. Re1 Be7 10. Ne2 Nbd7 11. Ng3 Bg6 12. Bb3 Nd5 13. Rc1 Qb6 14. c4 Nb4 15. Bxb4 Bxb4 16. c5 Qd8 17. Re3 0-0 18. Bc4 Ba5 19. a3 Bc7 20. Re2 a5 21. b4 axb4 22. axb4 Nf6 23. Qb3 Nd5 24. Bxd5 exd5 25. Rce1 h5 26. Ne5 Bxe5 27. Rxe5 f6 28. Re7 Re8 29. Rxe8+ Bxe8 30. Nf5 Bg6 31. Nd6 Qd7 32. h3 b6 33. Qg3 bxc5 34. bxc5 Bf7 35. Qe3 Ra4 36. Rb1 Qa7 37. Rb7 Ra1+ 38. Kh2 Qa4 39. Rxf7 Qd1 40. Qe8+ Kh7 41. Rxg7+ Kxg7 42. Nf5+ Kh7 43. Qf7+ 1-0